Library Banner

مندر میں محراب (Record no. 79284)

MARC details
000 -LEADER
fixed length control field 00424nam a22001457a 4500
005 - DATE AND TIME OF LATEST TRANSACTION
control field 20151130155135.0
008 - FIXED-LENGTH DATA ELEMENTS--GENERAL INFORMATION
fixed length control field 151130b xxu||||| |||| 00| 0 eng d
040 ## - CATALOGING SOURCE
Transcribing agency PK-LaUMT
082 ## - DEWEY DECIMAL CLASSIFICATION NUMBER
Classification number MSC 915.3954
Item number AJM-M
100 ## - MAIN ENTRY--PERSONAL NAME
Personal name اجمل نیازی، محمد
245 ## - TITLE STATEMENT
Title مندر میں محراب
Statement of responsibility, etc محمد اجم نیازی
260 ## - PUBLICATION, DISTRIBUTION, ETC. (IMPRINT)
Place of publication, distribution, etc لاہور
Name of publisher, distributor, etc پولیمر پبلیکیشنز
Date of publication, distribution, etc 1987
300 ## - PHYSICAL DESCRIPTION
Extent 271 ص
942 ## - ADDED ENTRY ELEMENTS (KOHA)
Koha item type Books
Holdings
Withdrawn status Lost status Damaged status Home library Current library Date acquired Full call number Barcode Date last seen Price effective from Koha item type
      UMT Main Campus UMT Main Campus 2015-11-30 MSC 915.3954 AJM-M 95373 2015-11-30 2015-11-30 Books